Partial differential equations for scientists and engineers
Αποθηκεύτηκε σε:
| Κύριος συγγραφέας: | |
|---|---|
| Μορφή: | Βιβλίο |
| Γλώσσα: | English |
| Δημοσίευση: |
London :
Imperial College Press,
1996
|
| Θέματα: | |
| Ετικέτες: |
Προσθήκη ετικέτας
Δεν υπάρχουν, Καταχωρήστε ετικέτα πρώτοι!
|
MARC
| LEADER | 00000nam a2200000 i 4500 | ||
|---|---|---|---|
| 001 | 1/77895 | ||
| 008 | 990426s1996 eng d | ||
| 020 | |a 1-86094-024-2 | ||
| 035 | |l 10050027 | ||
| 040 | |a GR-MY-UA |b gre |e aacr | ||
| 041 | 0 | |a eng | |
| 082 | 0 | |a 515.353 | |
| 100 | 1 | |a Stephenson, G. |q (Geoffrey) |d 1927- | |
| 245 | 1 | 0 | |a Partial differential equations for scientists and engineers / |c Geoff Stephenson |
| 260 | |a London : |b Imperial College Press, |c 1996 | ||
| 300 | |a x, 161 p.; |c 22 cm. | ||
| 500 | |a Includes bibliographical references and index | ||
| 650 | 0 | 0 | |a Differential equations, Partial. |
| 650 | 0 | 0 | |a Science |x Mathematics. |
| 650 | 0 | 0 | |a Engineering mathematics. |
| 852 | |a INST |b SAMOS |e 19990426 |h 515.353 STE |p 005300014823 |q 005300014823 |t BK |y 0 | ||
| 901 | |a BIBL-1999-1 | ||
| 909 | |a Σ |b 064632 | ||
| 922 | |a 3ΕΛΗ |b 199903 |c ΚΠΣ |d GLORY | ||
| 950 | |a 116-1998-08-10 | ||